| 000 | 00530nam a2200181 a 4500 | ||
|---|---|---|---|
| 003 | MX-MxUPN | ||
| 005 | 20250801120750.0 | ||
| 008 | 250801t2004 gw |||||r|||| 000 0 eng d | ||
| 040 |
_aMX-MxUPN _bspa _cMX-MxUPN |
||
| 041 | 0 | _aeng | |
| 050 | 1 | 4 |
_aL401 _bR47 2004 |
| 245 | 0 | 0 | _aReport on the external evaluation of UIE |
| 260 |
_aHamburg, Germany : _bUnesco Institute for Education, _c©2004. |
||
| 300 | _a60 páginas | ||
| 610 | 2 | 4 |
_aUnesco Institute for Education _953799 |
| 902 | _aVíctor Ruiz/010825 | ||
| 942 |
_2lcc _cLIBRO |
||
| 999 |
_c213639 _d213639 |
||